| 000 | 00602nam a22000977a 4500 | ||
|---|---|---|---|
| 008 | 110706t xxu||||| |||| 00| 0 eng d | ||
| 010 | _aC-DOC F_140 | ||
| 245 | _aInspectorate of Government Ref: MBRR 4/6 AND HQRS. 168/12/98 Date: 8/4/2000. Uganda Vs A.1: E.K. Katanasi m/a Ugandan, aged 53 years Principal Kibatsi Technical Institute, Rwashameire Bushenyi District. A.2: Nabaasa R.S m/a Ugandan 37 years Bursar Kibatsi Technical Inatitute Rwashameire Bushenyi District. | ||
| 260 | _c2000 | ||
| 999 |
_c4577 _d4577 |
||